Statistics for Final Space Trivia...or is it....it is

Click here to take the quiz!

General Stats

  • This quiz has been taken 22 times
  • The average score is 9 of 15

Answer Stats

Hint Answer % Correct
Gary's SurnameGoodspeed
82%
Who is the Lord Commander trying to obtain through out the showMooncake
82%
The name of the prison vessel's AI ControllerH.U.E
76%
What creature is Gary's pet gift from his FatherCaterpillar
76%
The name of the prison spacecraftGalaxy One
71%
Quinn's Future Alter-EgoNightfall
71%
Little Cato's Fathers NameAvacato
65%
Who is Gary's Deep Space Insanity Avoidance CompanionKVN
65%
How many years was Gary Sentenced to5
59%
Who created the showOlan Rogers
47%
Gary's nickname is Thunder ........Bandit
47%
Which Internet platform did the show's pilot first air onYoutube
41%
The name of the voice actor who voices the Lord CommanderDavid Tennant
35%
What was the shows 3 part concept originally calledGary Space
18%
What is the name of the drug Gary uses on the unconscious Infinity Guard PilotCrylenol
18%

Score Distribution

Percentile by Number Answered

Percent of People with Each Score

Your Score History

You have not taken this quiz